000
00314nam a2200169Ia 4500
100
_a
Mehta/Ved
650
_a
General
942
_c
BK
366
_f
20
654
_a
daddyji
245
_a
Daddyji
260
_b
Roli Books
_c
2009
082
_a
808.3
_b
MEH
300
_a
195
546
_a
ENGLISH
999
_c
33801
_d
33801